Ruský plyn a evropská (ne)závislost Narušení tradičně přijímaného vztahu?
Význam ruského plynu pre Európsku úniu. Ruská federácia ako vlastník najväčších zásob plynu na svete. Európske diverzifikačné aktivity ako hrozba pre Ruskú federáciu. Kto je od koho závislý.
Gespeichert in:
| 1. Verfasser: | |
|---|---|
| Format: | Buchkapitel |
| Sprache: | Tschechisch |
| Schlagworte: | |
| Tags: |
Keine Tags, Fügen Sie das erste Tag hinzu!
|
MARC
| LEADER | 00000naa a2200000 4500 | ||
|---|---|---|---|
| 001 | 0117913 | ||
| 005 | 20231016094155.3 | ||
| 041 | 0 | |a cze | |
| 044 | |a CZ | ||
| 245 | 1 | 0 | |a Ruský plyn a evropská (ne)závislost |b Narušení tradičně přijímaného vztahu? |c Tomáš Vlček |
| 520 | |a Význam ruského plynu pre Európsku úniu. Ruská federácia ako vlastník najväčších zásob plynu na svete. Európske diverzifikačné aktivity ako hrozba pre Ruskú federáciu. Kto je od koho závislý. | ||
| 610 | 2 | 0 | |a plyn zemný |
| 610 | 2 | 0 | |a plynovody |
| 610 | 2 | 0 | |a energetika |
| 610 | 2 | 0 | |a obchod zahraničný |
| 610 | 2 | 0 | |a dovoz |
| 610 | 2 | 0 | |a vývoz |
| 610 | 2 | 0 | |a spolupráca medzinárodná |
| 610 | 2 | 0 | |a Rusko |
| 610 | 2 | 0 | |a Európska únia |
| 100 | 1 | |a Vlček, Tomáš | |